| 000 | 00384nam a22001457a 4500 | ||
|---|---|---|---|
| 999 |
_c15702 _d15702 |
||
| 003 | OSt | ||
| 008 | 190603b ||||| |||| 00| 0 eng d | ||
| 020 | _a978813602167 | ||
| 082 |
_a664. _bANS/SO |
||
| 100 |
_aAnsari,Irfan Ahmad _94199 |
||
| 245 | _aSolved Numerical problems in Food Process Engineering | ||
| 260 |
_aNew Delhi _bJain Brothers _c2015 |
||
| 300 | _a536 p. | ||
| 942 | _cBBS | ||